[Event "29th CRO-chT Junior 2020"]
[Site "Cakovec"]
[Date "2020.07.17"]
[Round "8.12"]
[White "Bedic, Noemi"]
[Black "Purini, Bruno"]
[Result "0-1"]
[WhiteElo "1712"]
[BlackElo "2017"]
[Annotator "TA"]
[PlyCount "60"]
[EventDate "2020.07.14"]
[EventType "team-tourn"]
[EventCountry "CRO"]
[SourceTitle "playchess.com"]
[Source "ChessBase"]
[SourceQuality "1"]

{[%evp 15,60,50,52,40,35,19,25,-86,68,-130,-128,-168,-133,-124,-119,-120,-124,-124,-120,-120,-91,-145,-115,-165,-158,-160,-168,-164,-111,-191,-197,-327,-333,-300,-300,-339,-345,-364,-293,-410,-344,-435,-418,-445,-403,-427,-423]} 1. e4 e5 2. Nf3 Nc6 3. Bb5 a6 4. Ba4 Bc5 5. c3 b5 6. Bb3 d6 7. d4 exd4 8. cxd4 Bb6 9. O-O {C70: Ruy Lopez: 3...a6 4 Ba4, Norwegian and Delayed Schliemann.} Bg4 10. Bd5 Qd7 $1 {[#]} 11. e5 $146 (11. Bg5 $11 f6 12. Be3) ({Predecessor:} 11. Be3 Nf6 12. Bxc6 Qxc6 13. d5 Qb7 14. Bxb6 Qxb6 15. Qd3 Qb7 16. Nd4 O-O 17. Nd2 {1-0 (46) Wolke,R (1701)-Werner,J (1603) Hamburg 2014}) 11... dxe5 $2 (11... Nge7 $17 12. Bxc6 Nxc6 13. exd6 O-O) 12. dxe5 $2 {[#]} (12. Bxc6 $1 $14 Qxc6 13. Nxe5 {[%mdl 64] Double Attack} Bxd1 14. Nxc6) 12... O-O-O $1 $17 13. Bb3 Qxd1 14. Rxd1 Rxd1+ 15. Bxd1 Bxf3 16. Bxf3 Nxe5 17. Be2 Nf6 18. Bf4 (18. a4 $142) 18... Ng6 19. Bg3 {[#]} h5 $1 {[%cal Rh5h4] ...h4 is the strong threat.} 20. h3 Ne4 21. Kf1 h4 (21... Nxg3+ $19 22. fxg3 Ne7) 22. Bg4+ (22. Bh2 $17) 22... Kb8 $19 23. Bf3 (23. Bh2 {keeps fighting.}) 23... Nxg3+ ({Much less strong is} 23... hxg3 24. Bxe4 Ne5 25. Nd2 $19) 24. fxg3 hxg3 25. Nc3 Ne5 26. Be2 f5 27. a4 c6 28. axb5 axb5 29. Re1 Bf2 30. Rd1 g5 {Accuracy: White = 30%, Black = 71%.} 0-1

[Event "29th CRO-chT Junior 2020"]
[Site "Cakovec"]
[Date "2020.07.17"]
[Round "8.13"]
[White "Damjanovic, Stjepan"]
[Black "Jambresic, Filip"]
[Result "1-0"]
[WhiteElo "1867"]
[BlackElo "2077"]
[Annotator "TA"]
[PlyCount "97"]
[EventDate "2020.07.14"]
[EventType "team-tourn"]
[EventCountry "CRO"]
[SourceTitle "playchess.com"]
[Source "ChessBase"]
[SourceQuality "1"]

{[%evp 15,97,54,39,37,51,31,25,-71,-76,-86,-77,-120,-68,-72,-58,-50,0,0,0,0,85,101,99,107,116,122,110,113,160,179,178,170,264,256,244,236,416,406,397,406,422,423,410,414,438,438,431,386,381,381,356,329,372,368,421,339,330,323,356,345,374,383,345,252,292,278,546,546,1013,1013,29966,29965,29952,6679,9379,4634,29973,29974,29971,29969,29991,29992,29992,29993]} 1. e4 c5 2. d4 cxd4 3. c3 dxc3 4. Nxc3 Nc6 {[%cal Bb8c6,Bc6a5,Ba5c4][%mdl 32]} 5. Nf3 d6 6. Bc4 Nf6 7. e5 dxe5 8. Qxd8+ Kxd8 9. Ng5 {B21: Sicilian: 2 f4 and Morra Gambit.} (9. Bxf7 e6 $15) 9... Na5 $1 {[%cal Ra5c4]} 10. Nxf7+ Ke8 11. Nxh8 (11. Nxe5 $11 {was the only way to keep the balance.} Nxc4 12. Nxc4) 11... Nxc4 $17 {[#]} 12. O-O $146 ({Predecessor:} 12. Nb5 Nd5 13. O-O Be6 14. Rd1 Rc8 15. b3 Nd6 16. Na3 g6 17. Nxg6 hxg6 18. Bb2 {0-1 (26) Hosnedl,M (1343)-Pribyl,V (1482) Kouty nad Desnou 2014}) 12... Bd7 {[%mdl 1024] Black has strong compensation.} 13. f4 e6 (13... e4 $17 14. f5 e6) 14. b3 Bc5+ 15. Kh1 Ne3 (15... Bd4 $5 {[%cal Rd4c3]} 16. bxc4 Bxc3 $11) 16. Bxe3 $1 Bxe3 17. fxe5 Ng4 (17... Bd4 $11 {keeps the balance.} 18. exf6 Bxc3) 18. Ne4 $16 {Black is on the road to losing.} Nxe5 {White should prevent ...Ke7.} 19. Rae1 $1 $36 {[%cal Re1e3][%mdl 2048] Black is under strong pressure.} Bb6 20. Nd6+ Ke7 21. Rxe5 {Nhf7 is the strong threat.} Kxd6 22. Nf7+ Ke7 {Threatens to win with ...Rf8.} 23. Ng5 $1 h6 {[#]} (23... Rc8 {was necessary.}) 24. Nxe6 $1 $18 {[%mdl 512]} Kd6 {[#]} (24... Bxe6 25. Rfe1) 25. Re2 $1 ({Inferior is} 25. Rfe1 Bf2 $11) 25... Re8 $2 (25... Bxe6 {might work better.} 26. Rd1+ Bd5) 26. Rd1+ Kc6 27. Rc2+ Kb5 28. Rxd7 Rxe6 {[%cal Re6e1][%mdl 4096] Endgame KRR-KRB} 29. g3 g5 30. Kg2 g4 31. h3 gxh3+ 32. Kxh3 Ka6 33. Rd5 Ba5 34. Rc4 b5 35. Rcd4 Bc7 36. Rd7 Kb6 37. Rh7 Rg6 38. Rg4 Rc6 39. a4 bxa4 40. bxa4 ({Don't take} 40. Rxa4 a5 $18) 40... a5 $2 (40... Ka5 41. Rh4 Rc3) 41. Rh4 Kc5 42. R7xh6 {Hoping for Rc4+!} Rxh6 43. Rxh6 {KR-KB} Kb4 44. Rh4+ Kb3 45. Re4 (45. Rd4 $142 Be5 {[#]} 46. Rf4 $1 {[%mdl 512]}) 45... Bd6 46. g4 {White mates.} Bb4 47. g5 Kxa4 48. g6 Kb3 49. g7 {Accuracy: White = 78%, Black = 41%.} 1-0

[Event "29th CRO-chT Junior 2020"]
[Site "Cakovec"]
[Date "2020.07.17"]
[Round "8.14"]
[White "Cigrovski, Jakov"]
[Black "Juric, Ester"]
[Result "1-0"]
[WhiteElo "2010"]
[BlackElo "1663"]
[Annotator "TA"]
[PlyCount "109"]
[EventDate "2020.07.14"]
[EventType "team-tourn"]
[EventCountry "CRO"]
[SourceTitle "playchess.com"]
[Source "ChessBase"]
[SourceQuality "1"]

{[%evp 14,109,20,-6,4,-8,40,-2,10,-17,29,-2,3,-64,-24,-42,2,-93,25,-78,10,-93,-13,-47,-62,-176,43,32,114,107,116,0,0,0,38,37,112,101,98,116,111,121,155,156,188,155,219,168,194,126,224,183,194,155,477,477,474,466,466,466,444,432,571,571,571,564,549,549,540,513,810,802,735,720,712,694,670,629,581,556,29975,29977,29976,29978,29978,29979,29979,29978,29978,29975,29976,29977,29980,29981,29981,29982,29982,29981]} 1. e4 c5 2. Ne2 d6 3. g3 Nf6 4. Bg2 Nc6 5. O-O e6 6. Nbc3 Be7 7. d3 O-O 8. f4 h6 {8...Rb8 gains popularity. B24: Closed Sicilian: 3 g3 sidelines.} 9. h3 {[#]} Nh7 $146 ({Predecessor:} 9... d5 10. g4 dxe4 11. dxe4 Qxd1 12. Nxd1 Nd4 13. Nxd4 cxd4 14. Nf2 Bc5 15. Nd3 Bb6 16. Bd2 Nd7 17. Kh2 a6 {1-0 (17) Alshourfaa,H (1776)-Alsharhan,M (1643) Kuwait 2016}) 10. g4 f5 {The position is equal.} 11. Be3 Bd7 12. Ng3 Bh4 13. Nce2 (13. Bf2 $11) 13... Qe7 14. c3 Rac8 15. Bf2 (15. gxf5 $11 exf5 16. Bf2) 15... b5 (15... fxg4 $17 16. hxg4 g5) 16. Kh1 (16. exf5 $11 {remains equal.} exf5 17. gxf5 (17. Nxf5 Bxf2+ 18. Rxf2 Bxf5 $14)) 16... Kh8 ({Better is} 16... fxg4 $17 17. hxg4 g5) 17. d4 (17. gxf5 $11 {keeps the balance.} exf5 18. exf5) 17... cxd4 (17... fxg4 $17 {Hoping for ...e5.} 18. dxc5 gxh3 19. Bxh3 dxc5) 18. Nxd4 {[%cal Re4f5]} Nxd4 19. Qxd4 (19. cxd4 $15 fxg4 20. Qxg4) 19... fxe4 $2 (19... fxg4 $19 20. Qd2 e5) 20. Nxe4 $14 d5 (20... Bxf2 $14 21. Rxf2 Bc6) 21. Bxh4 $16 Qxh4 {[#]} 22. Qxa7 (22. Nc5 $1 $16 {[%cal Rc5d7]} Qe7 23. Nd3) 22... dxe4 $11 23. Qxd7 {[%mdl 64] Double Attack} Nf6 24. Qd1 Nd5 {[#]} ({Black should play} 24... Rcd8 $14 25. Qe1 Qxe1 26. Rfxe1 (26. Raxe1 Rd2 $11) 26... Rd2) 25. Qe1 $1 $36 {[%cal Re1h4][%mdl 2048] White has strong initiative.} Qxe1 26. Raxe1 Nxf4 27. Rxe4 Nd3 {...Rxf1+ is the strong threat.} 28. Rxf8+ Rxf8 {[%mdl 4096] Endgame KRB-KRN} 29. Re2 Rc8 (29... Nf4 $16 {was worth a try.} 30. Rd2 g5) 30. a3 ({Don't play} 30. Rxe6 $6 Nxb2 31. Rc6 Rd8 $16) 30... Kg8 31. Rd2 ({But not} 31. Rxe6 $6 Nxb2 32. Rc6 Ra8 $16) (31. Bf1 $18) 31... Nc5 (31... Ne5 $16 {might work better.} 32. Bf1 Nc4 33. Bxc4 bxc4) 32. Bf1 Ne4 33. Rd4 Nxc3 $2 {Now Black is done in.} (33... Ng3+ $16 34. Kg2 Nxf1 35. Kxf1 Kf7) 34. bxc3 $18 Rxc3 $16 {KRB-KR} 35. Rd3 Rc1 36. Rf3 Rb1 37. Kg2 b4 38. Bc4 Rb2+ 39. Kg3 bxa3 40. Bxe6+ Kh7 41. Rxa3 g5 (41... Kg6 $142 42. Rf3 Kh7) 42. Bf5+ $18 Kg7 43. Ra6 Rb3+ 44. Kg2 Rb2+ 45. Kf1 Rb3 46. Rg6+ Kf7 47. Be6+ {White mates.} Kxg6 48. Bxb3 {KB-KPP} Kf6 49. Kf2 Kg6 50. Ba4 Kf6 51. Be8 Ke5 52. Ke3 Kf6 53. Ke4 Ke6 54. Bh5 Kf6 55. Kd5 {Accuracy: White = 61%, Black = 38%.} 1-0

[Event "29th CRO-chT Junior 2020"]
[Site "Cakovec"]
[Date "2020.07.17"]
[Round "8.15"]
[White "Mandaric, Fran"]
[Black "Mahecic, Lovre"]
[Result "0-1"]
[WhiteElo "1671"]
[BlackElo "1949"]
[Annotator "ChessBase"]
[PlyCount "98"]
[EventDate "2020.07.14"]
[EventType "team-tourn"]
[EventCountry "CRO"]
[SourceTitle "playchess.com"]
[Source "ChessBase"]
[SourceQuality "1"]
[TimeControl "5400+30"]

1. e4 {[%emt 0:00:30]} e5 {[%emt 0:00:30]} 2. Nf3 {[%emt 0:00:00]} Nc6 {[%emt 0:00:00]} 3. Bc4 {[%emt 0:00:00]} Bc5 {[%emt 0:00:00]} 4. O-O {[%emt 0:00:00]} Nf6 {[%emt 0:00:00]} 5. d4 {[%emt 0:00:00]} Bxd4 {[%emt 0:00:00]} 6. Nxd4 {[%emt 0:00:00]} Nxd4 {[%emt 0:00:00]} 7. f4 {[%emt 0:00:00]} d6 {[%emt 0:00:00]} 8. fxe5 {[%emt 0:00:30]} dxe5 {[%emt 0:00:30]} 9. Bg5 {[%emt 0:00:00]} Be6 {[%emt 0:00:00]} 10. Na3 {[%emt 0:00:00]} Qe7 {[%emt 0:00:00]} 11. Kh1 {[%emt 0:05:30]} O-O-O {[%emt 0:01:30]} 12. Bxf6 {[%emt 0:01:30]} gxf6 {[%emt 0:00:30]} 13. c3 {[%emt 0:00:30]} Bxc4 {[%emt 0:07:30]} 14. Nxc4 {[%emt 0:00:30]} Ne6 {[%emt 0:00:30]} 15. Qf3 {[%emt 0:00:30]} Ng5 {[%emt 0:16:30]} 16. Qxf6 {[%emt 0:06:30]} Qxf6 {[%emt 0:00:30]} 17. Rxf6 {[%emt 0:00:00]} Nxe4 {[%emt 0:00:00]} 18. Rxf7 {[%emt 0:00:00]} Nd6 {[%emt 0:01:00]} 19. Nxd6+ {[%emt 0:03:30]} Rxd6 {[%emt 0:00:30]} 20. Re7 {[%emt 0:05:30]} Rd2 {[%emt 0:00:30]} 21. Rxe5 {[%emt 0:09:30]} Rxb2 {[%emt 0:00:30]} 22. h3 {[%emt 0:01:30]} Rg8 {[%emt 0:03:30]} 23. g4 {[%emt 0:05:30]} b6 {[%emt 0:06:30]} 24. Re7 {[%emt 0:05:30]} h5 {[%emt 0:03:30]} 25. gxh5 {[%emt 0:01:30]} Rg3 {[%emt 0:00:30]} 26. h4 {[%emt 0:05:30]} Rh3+ {[%emt 0:00:30]} 27. Kg1 {[%emt 0:00:00]} Rxh4 {[%emt 0:00:30]} 28. Rh7 {[%emt 0:03:00]} Rbh2 {[%emt 0:03:30]} 29. Rf1 {[%emt 0:02:30]} Rxh5 {[%emt 0:00:30]} 30. Rxh5 {[%emt 0:00:30]} Rxh5 {[%emt 0:00:30]} 31. Rf2 {[%emt 0:00:30]} Kb7 {[%emt 0:00:00]} 32. Kf1 {[%emt 0:00:30]} Re5 {[%emt 0:00:00]} 33. Re2 {[%emt 0:10:30]} Rxe2 {[%emt 0:08:30]} 34. Kxe2 {[%emt 0:00:30]} Kc6 {[%emt 0:00:00]} 35. Kd3 {[%emt 0:01:30]} Kb5 {[%emt 0:01:00]} 36. Kc2 {[%emt 0:01:30]} Kc4 {[%emt 0:00:00]} 37. Kb2 {[%emt 0:01:30]} Kd3 {[%emt 0:01:00]} 38. Kb3 {[%emt 0:08:30]} c5 {[%emt 0:00:30]} 39. c4 {[%emt 0:01:30]} Kd4 {[%emt 0:00:30]} 40. a3 {[%emt 0:00:30]} Kd3 {[%emt 0:01:30]} 41. Ka4 {[%emt 0:01:30]} a6 {[%emt 0:00:30]} 42. Kb3 {[%emt 0:00:00]} b5 {[%emt 0:00:30]} 43. cxb5 {[%emt 0:01:00]} axb5 {[%emt 0:00:00]} 44. a4 {[%emt 0:00:30]} bxa4+ {[%emt 0:00:00]} 45. Kb2 {[%emt 0:00:30]} Kd2 {[%emt 0:00:30]} 46. Kb1 {[%emt 0:00:30]} c4 {[%emt 0:00:30]} 47. Kb2 {[%emt 0:00:30]} c3+ {[%emt 0:00:00]} 48. Kb1 {[%emt 0:00:00]} c2+ {[%emt 0:00:00]} 49. Ka2 {[%emt 0:00:00]} Kc3 {[%emt 0:00:30]} 0-1

[Event "29th CRO-chT Junior 2020"]
[Site "Cakovec"]
[Date "2020.07.17"]
[Round "8.16"]
[White "Novosel, Lovro"]
[Black "Markovic, Marko"]
[Result "1-0"]
[WhiteElo "1719"]
[BlackElo "2232"]
[Annotator "TA"]
[PlyCount "93"]
[EventDate "2020.07.14"]
[EventType "team-tourn"]
[EventCountry "CRO"]
[SourceTitle "playchess.com"]
[Source "ChessBase"]
[SourceQuality "1"]

{[%evp 15,93,23,23,23,27,4,15,0,2,-10,3,-36,-30,-39,-22,-20,14,0,17,22,60,29,32,16,20,17,37,22,27,27,38,37,37,35,45,58,137,12,12,14,14,13,83,87,81,88,89,56,82,58,60,46,121,124,122,111,94,98,155,133,178,138,244,211,164,95,97,97,140,120,229,99,1605,1261,29994,29995,29995,29996,29996,252]} 1. Nf3 d5 2. g3 e6 3. Bg2 Nf6 4. O-O Be7 5. d4 O-O 6. c4 c6 7. b3 b6 8. Bb2 Bb7 9. Qc2 {E06: Closed Catalan: Early deviations.} Nbd7 10. Rd1 Rc8 11. Ne5 {The position is equal.} c5 {[#]} 12. dxc5 $146 ({Predecessor:} 12. Nxd7 Qxd7 13. dxc5 Rxc5 14. Nc3 Rd8 15. cxd5 exd5 16. e3 Qc7 17. Qd3 Bf8 18. Ne2 {1-0 (31) Mejak,S (2079)-Krejic,N (1571) Ljubljana 2013}) 12... Nxc5 13. e3 Qc7 14. Na3 a6 15. Qe2 Rfd8 16. Rac1 Qb8 17. cxd5 exd5 18. Nf3 (18. Bh3 {is interesting.} Ne6 19. Nc2 Re8 20. Nf3 Ne4 21. Ncd4) 18... Nce4 19. Rxc8 Rxc8 20. Nb1 Qc7 21. Nd4 Bc5 22. Bh3 Rd8 23. Rc1 Ng5 24. Bg2 {Black must now prevent b4!} Qd6 25. Nd2 Nfe4 {[#]} (25... Qd7 $14) 26. Nxe4 (26. Nf5 $1 $16 {[%cal Rf5d6]} Qd7 27. Nxg7) 26... dxe4 $11 27. Qg4 f6 28. h4 Bc8 (28... Bxd4 $11 29. Bxd4 Nf3+ 30. Bxf3 exf3) 29. Qe2 $36 {[%mdl 2048] White has strong initiative.} Bxd4 30. Bxd4 Ne6 31. Bc3 Bb7 32. Qg4 {Bxf6 is the strong threat.} Nc5 $1 33. Bb4 Qe7 (33... Qe6 $14 34. Qxe6+ Nxe6) 34. Bxc5 bxc5 35. Qf5 Rd5 36. Qf4 Rd2 (36... Re5 $142) 37. Bf1 Bd5 38. a4 Kf7 (38... g5 $16 39. Qb8+ Qf8 40. Qxf8+ Kxf8) 39. Bxa6 Bxb3 40. Bc4+ (40. a5 $18) 40... Bxc4 41. Rxc4 {[%mdl 4096] Endgame KQR-KQR} Ra2 42. Rxe4 Qb7 (42... Qd7 $16) 43. Qg4 (43. Qf5 $18 {White threatens Qh5+ and mate.} g6 44. Qe6+ {[%mdl 64] Double Attack} Kg7 45. g4 (45. Qxa2 Qxe4 46. a5 c4 $16) 45... Ra1+ 46. Kh2 Qc7+ 47. Rf4) 43... Qb1+ $2 {[%mdl 8192] Now Black is done in.} (43... Ra1+ $16 44. Kh2 Qd5) 44. Kg2 $18 {Intending Qh5+! and mate.} Ra1 {[#]} 45. Qh5+ $1 {White mates.} g6 46. Qxh7+ Kf8 {[#]} 47. Qe7+ $1 {Accuracy: White = 73%, Black = 51%.} 1-0

[Event "29th CRO-chT Junior 2020"]
[Site "Cakovec"]
[Date "2020.07.17"]
[Round "8.17"]
[White "Topalic, Fran"]
[Black "Cotic, Borna"]
[Result "0-1"]
[WhiteElo "1741"]
[BlackElo "2049"]
[Annotator "ChessBase"]
[PlyCount "94"]
[EventDate "2020.07.14"]
[EventType "team-tourn"]
[EventCountry "CRO"]
[SourceTitle "playchess.com"]
[Source "ChessBase"]
[SourceQuality "1"]
[TimeControl "5400+30"]

1. e4 {[%emt 0:00:30]} c5 {[%emt 0:02:30]} 2. Nf3 {[%emt 0:00:00]} e6 {[%emt 0:00:30]} 3. d4 {[%emt 0:00:00]} cxd4 {[%emt 0:00:30]} 4. Nxd4 {[%emt 0:00:00]} Nc6 {[%emt 0:00:00]} 5. c4 {[%emt 0:01:00]} Nf6 {[%emt 0:00:00]} 6. Nc3 {[%emt 0:00:00]} Bb4 {[%emt 0:00:30]} 7. f3 {[%emt 0:01:00]} d5 {[%emt 0:00:30]} 8. Nxc6 {[%emt 0:10:30]} bxc6 {[%emt 0:00:00]} 9. e5 {[%emt 0:00:30]} Nd7 {[%emt 0:03:00]} 10. Qa4 {[%emt 0:00:30]} Qa5 {[%emt 0:12:30]} 11. Bd2 {[%emt 0:03:30]} Qxa4 {[%emt 0:00:30]} 12. Nxa4 {[%emt 0:00:30]} Bxd2+ {[%emt 0:00:30]} 13. Kxd2 {[%emt 0:00:00]} Nxe5 {[%emt 0:00:00]} 14. cxd5 {[%emt 0:00:00]} cxd5 {[%emt 0:05:00]} 15. f4 {[%emt 0:01:30]} Ng6 {[%emt 0:01:30]} 16. g3 {[%emt 0:00:30]} Bd7 {[%emt 0:03:30]} 17. Nc5 {[%emt 0:00:30]} Ke7 {[%emt 0:01:30]} 18. Bd3 {[%emt 0:02:30]} Rhc8 {[%emt 0:02:30]} 19. b4 {[%emt 0:01:30]} Nf8 {[%emt 0:05:30]} 20. Rhe1 {[%emt 0:02:30]} a5 {[%emt 0:03:30]} 21. a3 {[%emt 0:00:30]} Rcb8 {[%emt 0:05:30]} 22. Kc3 {[%emt 0:03:30]} Bb5 {[%emt 0:02:30]} 23. Reb1 {[%emt 0:02:30]} Bxd3 {[%emt 0:03:30]} 24. Nxd3 {[%emt 0:00:30]} axb4+ {[%emt 0:05:30]} 25. axb4 {[%emt 0:00:30]} Nd7 {[%emt 0:00:30]} 26. Nc5 {[%emt 0:04:30]} Nxc5 {[%emt 0:14:30]} 27. bxc5 {[%emt 0:00:30]} Rxa1 {[%emt 0:00:30]} 28. Rxa1 {[%emt 0:00:00]} Rb5 {[%emt 0:02:30]} 29. Ra7+ {[%emt 0:03:00]} Kf6 {[%emt 0:00:30]} 30. Rc7 {[%emt 0:00:30]} g5 {[%emt 0:01:30]} 31. fxg5+ {[%emt 0:03:30]} Kxg5 {[%emt 0:00:30]} 32. Rxf7 {[%emt 0:00:30]} Rxc5+ {[%emt 0:00:30]} 33. Kd3 {[%emt 0:00:30]} h6 {[%emt 0:01:30]} 34. h4+ {[%emt 0:01:30]} Kg4 {[%emt 0:03:55]} 35. Rg7+ {[%emt 0:00:00]} Kf3 {[%emt 0:01:51]} 36. Rg6 {[%emt 0:00:00]} e5 {[%emt 0:00:50]} 37. Rxh6 {[%emt 0:00:30]} Kxg3 {[%emt 0:00:18]} 38. h5 {[%emt 0:00:30]} Kf4 {[%emt 0:02:06]} 39. Rh8 {[%emt 0:00:00]} Ra5 {[%emt 0:00:20]} 40. h6 {[%emt 0:02:00]} Ra3+ {[%emt 0:00:24]} 41. Kd2 {[%emt 0:00:30]} Rh3 {[%emt 0:00:24]} 42. h7 {[%emt 0:00:30]} Ke4 {[%emt 0:00:00]} 43. Kc2 {[%emt 0:01:30]} d4 {[%emt 0:00:11]} 44. Kd2 {[%emt 0:00:30]} Rh2+ {[%emt 0:00:37]} 45. Kc1 {[%emt 0:01:30]} d3 {[%emt 0:00:21]} 46. Kd1 {[%emt 0:00:30]} Ke3 {[%emt 0:00:32]} 47. Kc1 {[%emt 0:00:30]} e4 {[%emt 0:00:09]} 0-1

[Event "29th CRO-chT Junior 2020"]
[Site "Cakovec"]
[Date "2020.07.17"]
[Round "8.18"]
[White "Simunic, Krunoslav"]
[Black "Matota, Dominik"]
[Result "1-0"]
[WhiteElo "2047"]
[BlackElo "1807"]
[Annotator "ChessBase"]
[PlyCount "95"]
[EventDate "2020.07.14"]
[EventType "team-tourn"]
[EventCountry "CRO"]
[SourceTitle "playchess.com"]
[Source "ChessBase"]
[SourceQuality "1"]
[TimeControl "5400+30"]

1. d4 {[%emt 0:02:30]} Nf6 {[%emt 0:00:30]} 2. c4 {[%emt 0:00:30]} g6 {[%emt 0:00:00]} 3. Nc3 {[%emt 0:01:30]} Bg7 {[%emt 0:00:00]} 4. e4 {[%emt 0:00:00]} d6 {[%emt 0:00:30]} 5. Be2 {[%emt 0:00:00]} O-O {[%emt 0:00:00]} 6. Bg5 {[%emt 0:00:30]} Nbd7 {[%emt 0:00:00]} 7. h3 {[%emt 0:00:30]} e5 {[%emt 0:02:30]} 8. d5 {[%emt 0:01:30]} a6 {[%emt 0:04:30]} 9. Nf3 {[%emt 0:01:30]} Qe8 {[%emt 0:00:30]} 10. O-O {[%emt 0:05:30]} Nh5 {[%emt 0:00:30]} 11. Ne1 {[%emt 0:12:30]} Nf4 {[%emt 0:02:30]} 12. Nd3 {[%emt 0:01:30]} Nxe2+ {[%emt 0:03:30]} 13. Qxe2 {[%emt 0:00:30]} f5 {[%emt 0:00:30]} 14. g3 {[%emt 0:13:30]} fxe4 {[%emt 0:05:30]} 15. Qxe4 {[%emt 0:00:30]} h6 {[%emt 0:04:30]} 16. Bd2 {[%emt 0:01:30]} Nf6 {[%emt 0:00:30]} 17. Qg2 {[%emt 0:00:30]} Bf5 {[%emt 0:00:30]} 18. Ne1 {[%emt 0:04:30]} b5 {[%emt 0:22:30]} 19. g4 {[%emt 0:05:30]} Bd7 {[%emt 0:00:30]} 20. b3 {[%emt 0:02:30]} g5 {[%emt 0:02:30]} 21. Nc2 {[%emt 0:13:30]} Qg6 {[%emt 0:09:30]} 22. Ne3 {[%emt 0:02:30]} b4 {[%emt 0:02:30]} 23. Na4 {[%emt 0:06:30]} Bxa4 {[%emt 0:02:30]} 24. bxa4 {[%emt 0:00:00]} Rab8 {[%emt 0:00:30]} 25. Nf5 {[%emt 0:02:00]} Rfe8 {[%emt 0:04:30]} 26. a5 {[%emt 0:01:30]} Nh5 {[%emt 0:04:30]} 27. Rab1 {[%emt 0:03:00]} e4 {[%emt 0:02:30]} 28. Rfe1 {[%emt 0:01:38]} Nf6 {[%emt 0:06:26]} 29. Rxb4 {[%emt 0:00:22]} Kh8 {[%emt 0:06:09]} 30. Reb1 {[%emt 0:01:41]} Rxb4 {[%emt 0:01:46]} 31. Rxb4 {[%emt 0:00:05]} Qf7 {[%emt 0:00:31]} 32. Bc3 {[%emt 0:05:14]} Kh7 {[%emt 0:02:08]} 33. Rb7 {[%emt 0:01:14]} Qd7 {[%emt 0:01:15]} 34. Qg3 {[%emt 0:02:27]} Rd8 {[%emt 0:03:47]} 35. c5 {[%emt 0:02:09]} Qc8 {[%emt 0:02:46]} 36. c6 {[%emt 0:00:45]} Rf8 {[%emt 0:02:37]} 37. Nxg7 {[%emt 0:00:51]} Kxg7 {[%emt 0:00:01]} 38. Qxd6 {[%emt 0:00:58]} Kg6 {[%emt 0:01:57]} 39. Rxc7 {[%emt 0:00:59]} Qb8 {[%emt 0:00:07]} 40. Qe7 {[%emt 0:00:28]} Qb1+ {[%emt 0:01:52]} 41. Kg2 {[%emt 0:00:00]} Nxg4 {[%emt 0:00:00]} 42. Qg7+ {[%emt 0:01:05]} Kh5 {[%emt 0:00:18]} 43. hxg4+ {[%emt 0:00:13]} Kxg4 {[%emt 0:00:36]} 44. Qxf8 {[%emt 0:00:07]} Qd3 {[%emt 0:00:01]} 45. Qc8+ {[%emt 0:01:43]} Kh4 {[%emt 0:00:21]} 46. Qf5 {[%emt 0:00:26]} Qxc3 {[%emt 0:00:40]} 47. Qxe4+ {[%emt 0:00:08]} g4 {[%emt 0:00:03]} 48. Qe3 {[%emt 0:01:12]} 1-0